Datum a čas kvízu
25.5
Celkem bodů
Celkový počet nahraných bodů na tomto kvízu bez doplňovacích otázek.
18.
Pořadí na kvízu
Konečné umístění týmu na tomto kvízu.
Zaznamenané odpovědi
| # | Otázka | Odpověď | Body | Výsledky |
|---|---|---|---|---|
| 1. | Ředitel pražské zoologické zah... | Miroslav Bobek | 1 | |
| 2. | Minulé pondělí byly oznámeny k... | Moldavsko (Moldávie) | 1 | |
| 3. | Na filmovém festivalu v Curych... | Byla vytvořena umělou inteligencí (AI). | 1 | |
| 4. | Minulý týden jsme se dozvěděli... | Allwyn | 1 | |
| 5. | Ve kterém městě se odehrál UFC... | v Las Vegas | 0 | |
| 6. | Wikipedii s nejvyšší pravděpod... | z havajštiny | 0 | |
| 7. | Fanoušci kvízu občas jistě se... | D | 0 | |
| 8. | Dobrým zdrojem informací jsou... | Jsi chytřejší než páťák? | 0 | |
| 9. | Mnemotechnické pomůcky se hodí... | struny na kytaře (pořadí strun/tónů) | 1 | |
| 10. | Někdy však k úspěchu v kvízu s... | 1B 2C 3A 4D | 1 |